| 000 | 00563nam a2200193 a 4500 | ||
|---|---|---|---|
| 005 | 20240320063700.0 | ||
| 008 | 030828m19801994mx r 000 0 spa d | ||
| 020 | _a968446083X | ||
| 035 | _aUPN01000128280 | ||
| 049 | _aCG | ||
| 050 | 4 |
_aPS3503 R167 _bV5.68 |
|
| 100 | 1 |
_aBradbury, Ray, _d1920-2012 _934896 |
|
| 245 | 1 | 3 |
_aEl vino del estío / _cRay Bradbury ; tr. Francisco Abelenda. |
| 260 |
_aMéxico : _bMinotauro, _c1980 (1994 impr.). |
||
| 300 | _a224 p. | ||
| 650 | 4 |
_aNovela estadounidense _94462 |
|
| 650 | 4 |
_aCiencia ficción _95230 |
|
| 905 | _aLibro | ||
| 999 |
_c100459 _d100459 |
||